Impact of EU enlargement (Record no. 117223)
[ view plain ]
| 000 -LEADER | |
|---|---|
| fixed length control field | 01073cam a2200241 4500 |
| 001 - CONTROL NUMBER | |
| control field | WB4015-09 |
| 008 - FIXED-LENGTH DATA ELEMENTS--GENERAL INFORMATION | |
| fixed length control field | 040421n2004 000 0 eng u |
| 035 ## - SYSTEM CONTROL NUMBER | |
| System control number | (Sirsi) u125894 |
| 245 ## - TITLE STATEMENT | |
| Title | Impact of EU enlargement |
| 260 ## - PUBLICATION, DISTRIBUTION, ETC. | |
| Date of publication, distribution, etc. | 2004 |
| 490 ## - SERIES STATEMENT | |
| Series statement | DTZ RESEARCH |
| Volume/sequential designation | April 2004, 1(1) |
| 520 ## - SUMMARY, ETC. | |
| Summary, etc. | A new DTZ report "The impact of EU enlargement: business, location and investment strategies" summarises the findings of a project on the impact of EU enlargement on business, location and investment strategies. Examines the significance of EU enlargement, transitional dynamics, the new economic geography of the EU and commercial real estate markets. The full report costs £50 to download. A summary of Content is available for free download at http://www.dtzresearch.com/default.asp?doc=1790. |
| 590 ## - LOCAL NOTE (RLIN) | |
| Local note | WB |
| 590 ## - LOCAL NOTE (RLIN) | |
| Local note | WB |
| 650 ## - SUBJECT ADDED ENTRY--TOPICAL TERM | |
| Topical term or geographic name entry element | EU ENLARGEMENT |
| 650 ## - SUBJECT ADDED ENTRY--TOPICAL TERM | |
| Topical term or geographic name entry element | REAL ESTATE MARKETS |
| 650 ## - SUBJECT ADDED ENTRY--TOPICAL TERM | |
| Topical term or geographic name entry element | INVESTMENT STRATEGIES |
| 650 ## - SUBJECT ADDED ENTRY--TOPICAL TERM | |
| Topical term or geographic name entry element | EUROPEAN UNION |
| 650 ## - SUBJECT ADDED ENTRY--TOPICAL TERM | |
| Topical term or geographic name entry element | LOCATIONAL FACTORS |
| 650 ## - SUBJECT ADDED ENTRY--TOPICAL TERM | |
| Topical term or geographic name entry element | BUSINESSES |
| 690 ## - LOCAL SUBJECT ADDED ENTRY--TOPICAL TERM (OCLC, RLIN) | |
| Topical term or geographic name as entry element | ECONOMIC ISSUES |
| 942 ## - ADDED ENTRY ELEMENTS (KOHA) | |
| Suppress in OPAC | 0 |
| Withdrawn status | Lost status | Source of classification or shelving scheme | Damaged status | Not for loan | Home library | Current library | Shelving location | Date acquired | Total Checkouts | Full call number | Barcode | Date last seen | Copy number | Price effective from | Koha item type |
|---|---|---|---|---|---|---|---|---|---|---|---|---|---|---|---|
| Dewey Decimal Classification | London | London | News article | 21/04/2004 | WB4015-09 | 125894-1001 | 06/08/2019 | 1 | 06/08/2019 | News article |